000 01733nam a2200205 a 4500
008 170518s2016 ||||||||||||||||| || u
020 _a9781455770052 (hardcover)
050 _aQP 34.5 Hal
100 _aHall, John E
245 1 0 _aGuyton and Hall textbook of medical physiology (13th edition)
_cJohn E. Hall, PhD, Arthur C. Guyton Professor and Chair, Department of Physiology and Biophysics, Director, Mississippi Center for Obesity Research, University of Mississippi Medical Center, Jackson, Mississippi.
_h[unmediated]
246 _aTextbook of medical physiology
250 _a13th edition.
260 _aPhiladelphia:
_bElsevier
_c2016
300 _axix, 1145 pages : illustrations (some color) ; 29 cm.
350 _a124.99
500 _aIncludes bibliographical references and index.
505 _aUnit I: Introduction to physiology: the cell and general physiology -- Unit II: Membrane physiology, nerve, and muscle -- Unit III: The heart -- Unit IV: The circulation -- Unit V: The body fluids and kidneys -- Unit VI: Blood cells, immunity, and blood coagulation -- Unit VII: Respiration -- Unit VIII: Aviation, space, and deep-sea diving physiology -- Unit IX: The nervous system: A. General principles and sensory physiology -- Unit X: The nervous system: B. The special senses -- Unit XI: The nervous system: C. Motor and integrative neurophysiology -- Unit XII: Gastrointestinal physiology -- Unit XIII: Metabolism and temperature regulation -- Unit XIV: Endocrinology and reproduction -- Unit XV: Sports physiology.
650 3 _aPHYSIOLOGICAL PHENOMENA
995 _aSHORT LOAN BOOKS
_e903946
_FCBU-SCHOOL OF MEDICINE LIBRARY (Ndola)
_I124.99
_jQP 34.5 Hal
_M1
_UAVAILABLE
_WMay 17, 2017
_y903946
_ZShort Loan Collection
999 _c31589
_d31589